Countries and territories where Portuguese is the official language - Statistics

General Stats
  • This quiz has been taken 2,101 times
    1,954 since last reset
  • The average score is 9 of 10
Answer Stats
Capital Answer % Correct
Brasília Brazil
99%
Lisbon Portugal
99%
São Tomé São Tomé and Príncipe
94%
Bissau Guinea-Bissau
91%
Luanda Angola
88%
Maputo Mozambique
84%
Special Administrative Region of China Macau
80%
Dili East Timor
79%
Praia Cape Verde
77%
Malabo Equatorial Guinea
67%
No matching quizzes found
Score Distribution
Percent of People with Each Score
Percentile by Number Answered
Your Score History
You have not taken this quiz since the last reset